Plus ou moins peuplé que Paris? - Click Quiz - Statistiques

Statistiques générales
  • Ce quiz a été pris 110 fois
  • Le résultat moyen est 20 sur 30
Statistiques - réponses
Hint Réponse % Correct
New-York Plus peuplée
93%
Moscou Plus peuplée
89%
Séoul Plus peuplée
89%
Marseille Moins peuplée
88%
Lyon Moins peuplée
87%
Londres Plus peuplée
86%
Bruxelles Moins peuplée
83%
Prague Moins peuplée
83%
Istanbul Plus peuplée
83%
Vienne Moins peuplée
81%
Varsovie Moins peuplée
79%
Amsterdam Moins peuplée
78%
Montevideo Moins peuplée
76%
Milan Moins peuplée
69%
Brasilia Plus peuplée
66%
Munich Moins peuplée
63%
Sydney Plus peuplée
63%
Saint-Pétersbourg Plus peuplée
59%
Toronto Plus peuplée
58%
Johannesbourg Plus peuplée
58%
Berlin Plus peuplée
57%
Madrid Plus peuplée
52%
Le Cap Moins peuplée
50%
Barcelone Moins peuplée
50%
Melbourne Plus peuplée
44%
Montréal Moins peuplée
42%
Rome Plus peuplée
38%
Miami Moins peuplée
37%
Kiev Plus peuplée
33%
San Francisco Moins peuplée
20%
Aucun quiz correspondant
Distribution des résultats
% des personnes avec chaque résultat
Percentile par nombre de réponses
Votre historique - résultats
Vous n’avez pas pris ce quiz